[Event "San Cristobal Bolivar op 1st"]
[Site "San Cristobal"]
[Date "2012.09.28"]
[Round "7"]
[White "Castro, Jose Luis"]
[Black "Ubaldo Suarez, Maria Gisela"]
[Result "1-0"]
[WhiteElo "2257"]
[BlackElo "2063"]
[PlyCount "27"]
[EventDate "2012.09.25"]
[EventType "swiss"]
[EventRounds "10"]
[EventCountry "VEN"]
[SourceTitle "EXT 2013"]
[Source "ChessBase"]
[SourceDate "2012.11.22"]
[SourceVersion "1"]
[SourceVersionDate "2012.11.22"]
[SourceQuality "1"]

1. e4 c5 2. Nf3 Nc6 3. d4 cxd4 4. Nxd4 Nf6 5. Nc3 g6 6. Be3 Bg7 7. f3 0-0 8. Nb3 d5 9. exd5 Nb4 10. Bc4 Qc7 11. Bc5 Qe5+ 12. Kf1 Ng4 13. Qe2 a5 14. Nd2 1-0

[Event "Badalona op-A 38th"]
[Site "Badalona"]
[Date "2012.08.01"]
[Round "1"]
[White "Barrientos Chavarriaga, Sergio E"]
[Black "Castro, Jose Luis"]
[Result "1-0"]
[WhiteElo "2500"]
[BlackElo "2252"]
[PlyCount "67"]
[EventDate "2012.08.01"]
[EventType "swiss"]
[EventRounds "9"]
[EventCountry "ESP"]
[SourceTitle "CBM 149 Extra"]
[Source "ChessBase"]
[SourceDate "2012.08.24"]
[SourceVersion "1"]
[SourceVersionDate "2012.08.24"]
[SourceQuality "1"]

1. e4 c5 2. Nf3 Nc6 3. d4 cxd4 4. Nxd4 Nf6 5. Nc3 e5 6. Ndb5 d6 7. Bg5 a6 8. Na3 b5 9. Nd5 Be7 10. Bxf6 Bxf6 11. c4 b4 12. Nc2 0-0 13. g3 Bg5 14. h4 Bh6 15. Bh3 Qa5 16. b3 Be6 17. Kf1 Qc5 18. Kg2 Ra7 19. Qe1 a5 20. Rd1 Rb8 21. Nde3 Bxe3 22. Qxe3 a4 23. Qd3 Rd8 24. Bxe6 fxe6 25. h5 axb3 26. axb3 Ra2 27. h6 g6 28. Ra1 Rda8 29. Rxa2 Rxa2 30. Rd1 Na5 31. Ne3 Nb7 32. Ng4 Qc6 33. Qf3 Ra8 34. Nf6+ 1-0

[Event "VEN-ch Expertos y Maestros"]
[Site "San Carlos"]
[Date "2012.06.24"]
[Round "9"]
[White "Castro, Jose Luis"]
[Black "Zavarce Sayago, Oscar Enrique"]
[Result "1/2-1/2"]
[WhiteElo "2204"]
[BlackElo "2192"]
[PlyCount "94"]
[EventDate "2012.06.19"]
[EventType "swiss"]
[EventRounds "9"]
[EventCountry "VEN"]
[SourceTitle "EXT 2015"]
[Source "ChessBase"]
[SourceDate "2014.11.20"]
[SourceVersion "1"]
[SourceVersionDate "2014.11.20"]
[SourceQuality "1"]

1. e4 c5 2. Nf3 Nc6 3. d4 cxd4 4. Nxd4 Qb6 5. Nb3 Nf6 6. Nc3 e6 7. Qe2 Be7 8. g4 d6 9. g5 Nd7 10. h4 Nc5 11. Be3 Bd7 12. Bg2 a6 13. f4 0-0-0 14. 0-0-0 Na5 15. Kb1 Kb8 16. Rd2 Naxb3 17. axb3 Bc6 18. Bd4 Rhg8 19. Nd5 exd5 20. exd5 Rge8 21. dxc6 bxc6 22. Re1 d5 23. Qf2 Bd6 24. Rde2 Rxe2 25. Rxe2 Qb5 26. Bxg7 Ne6 27. Be5 Bxe5 28. Rxe5 Qb4 29. f5 Nc7 30. Qe1 Qxe1+ 31. Rxe1 Re8 32. Rxe8+ Nxe8 33. f6 Kc7 34. Bf1 Nd6 35. Bxa6 Nf5 36. Bd3 Nxh4 37. Bxh7 Kd6 38. Bg8 Ke6 39. c4 dxc4 40. bxc4 c5 41. Kc2 Ng6 42. b4 cxb4 43. Kb3 Ne5 44. Kxb4 Kf5 45. c5 Nd3+ 46. Kc4 Nxc5 47. Kxc5 Kxg5 1/2-1/2

[Event "Barquisimeto op"]
[Site "Barquisimeto"]
[Date "2012.05.25"]
[Round "4"]
[White "Balza Rodriguez, Oswaldo de Jesus"]
[Black "Castro, Jose Luis"]
[Result "0-1"]
[WhiteElo "2092"]
[BlackElo "2204"]
[PlyCount "74"]
[EventDate "2012.05.23"]
[EventType "swiss"]
[EventRounds "7"]
[EventCountry "VEN"]
[SourceTitle "CBM 148 Extra"]
[Source "ChessBase"]
[SourceDate "2012.06.22"]
[SourceVersion "1"]
[SourceVersionDate "2012.06.22"]
[SourceQuality "1"]

1. d4 Nf6 2. Nf3 g6 3. c4 Bg7 4. Nc3 0-0 5. e4 d6 6. Be2 e5 7. 0-0 exd4 8. Nxd4 Re8 9. f3 c6 10. Kh1 Nbd7 11. Be3 a5 12. Qd2 Nc5 13. Rfd1 Qc7 14. Bf1 Nfd7 15. Qf2 Ne5 16. Ndb5 cxb5 17. Nxb5 Qe7 18. Nxd6 Ncd3 19. Bxd3 Qxd6 20. Bf1 Qc6 21. c5 Be6 22. Rd6 Qc7 23. Qg3 Bc4 24. f4 Bxf1 25. fxe5 Bxe5 26. Bf4 Bxd6 27. Bxd6 Qc6 28. Rxf1 Qxe4 29. Qb3 Re6 30. h3 a4 31. Qb6 Qd5 32. Rf2 Rae8 33. Qb5 Re4 34. Kh2 h5 35. Rf4 Re2 36. Rf2 Rxf2 37. Qxe8+ Kh7 0-1

[Event "Barquisimeto op"]
[Site "Barquisimeto"]
[Date "2012.05.25"]
[Round "3"]
[White "Castro, Jose Luis"]
[Black "Pinero Salas, Carlos Julio"]
[Result "0-1"]
[WhiteElo "2204"]
[BlackElo "2128"]
[PlyCount "72"]
[EventDate "2012.05.23"]
[EventType "swiss"]
[EventRounds "7"]
[EventCountry "VEN"]
[SourceTitle "CBM 148 Extra"]
[Source "ChessBase"]
[SourceDate "2012.06.22"]
[SourceVersion "1"]
[SourceVersionDate "2012.06.22"]
[SourceQuality "1"]

1. e4 c5 2. Nf3 Nc6 3. d4 cxd4 4. Nxd4 Nf6 5. Nc3 d6 6. Bg5 Bd7 7. Qd2 Qa5 8. Nb3 Qc7 9. 0-0-0 a6 10. f3 e6 11. Kb1 Be7 12. g4 Ne5 13. Nd4 b5 14. Bd3 Nc4 15. Bxc4 bxc4 16. Qe2 0-0 17. Bc1 Rab8 18. g5 Nh5 19. f4 g6 20. f5 Qa5 21. Ka1 Rb4 22. Qg4 Rb7 23. Rhf1 Rfb8 24. Qf3 Kh8 25. fxg6 hxg6 26. Qxf7 Be8 27. Qf3 Bxg5 28. Bxg5 Qxg5 29. Qf8+ Kh7 30. Nxe6 Qe5 31. Rxd6 Rxb2 32. Rd7+ Bxd7 33. Rf7+ Ng7 34. Rxg7+ Kh6 35. Rxg6+ Kxg6 36. Nf4+ Kg5 0-1